| 000 | 01006nam a22002177a 4500 | ||
|---|---|---|---|
| 003 | OSt | ||
| 005 | 20250502124103.0 | ||
| 008 | 210119s1989 ck ||||er|||| 00| 0 spa d | ||
| 040 |
_aCO-JMCR _cCO-JMCR |
||
| 041 | 0 | _aspa | |
| 082 | 0 | 4 |
_aA-N _bSANv _223 |
| 100 | 1 |
_aSandoval A., Ligia, _eautora _912871 |
|
| 245 | 1 | 4 |
_aLos vendedores de sortilegios / _cLigia Sandoval A. |
| 260 |
_aBogotá : _bEmfasar, _c1989. |
||
| 300 |
_a120 páginas ; _c17 cm. |
||
| 500 | _aDatos biográficos de la autora en contraportada. | ||
| 520 | 0 | _aLos vendedores de sortilegios o mejor sus hijos de ellos "Otros tantos promeseros que vendrán de las galaxias o caso más seguros de las estepas blancas o de la isla de la buena esperanza, donde su dueño un mesiánico de luengas barbas será quien redima los nuevos hijos de estafalandia arrancándole los ojos y custodiando para que no se pierda esta patria. | |
| 650 | 2 | 4 |
_aNovela colombiana _912872 |
| 650 | 2 | 4 |
_aCritica social en la literatura _912873 |
| 942 |
_2ddc _cBK |
||
| 999 |
_c7064 _d7064 |
||